| 000 | 00534nam a2200169Ia 4500 | ||
|---|---|---|---|
| 008 | 090711s9999 xx 000 0 und d | ||
| 082 | _b40246 | ||
| 100 | _aआपटे ना. ह. | ||
| 245 | _aसुगरणीSाा संसार | ||
| 260 |
_bआपटे आणि मंडळी _c1942 |
||
| 300 | _a216 | ||
| 600 | _aआपटे ना. ह. | ||
| 630 | _aसुगरणीSाा संसार | ||
| 700 | _aआपटे ना. ह. | ||
| 730 | _aसुगरणीSाा संसार | ||
| 942 | _cBOOK | ||
| 999 |
_c308620 _d308620 |
||